Macroeconomics Australia edition
Saved in:
| Main Author: | |
|---|---|
| Format: | Book |
| Language: | Undetermined |
| Published: |
Australia
Pearson Prentice Hall
2004
|
| Subjects: | |
| Tags: |
Add Tag
No Tags, Be the first to tag this record!
|
| Institutions: | Trung tâm Học liệu Trường Đại học Cần Thơ |
|---|
| LEADER | 00522nam a2200193Ia 4500 | ||
|---|---|---|---|
| 001 | CTU_94653 | ||
| 008 | 210402s9999 xx 000 0 und d | ||
| 020 | |c 70.71 | ||
| 082 | |a 339 | ||
| 082 | |b B639 | ||
| 100 | |a Blanchard, Olivier | ||
| 245 | 0 | |a Macroeconomics Australia edition | |
| 245 | 0 | |c Olivier Blanchard, Jeffrey Sheen | |
| 260 | |a Australia | ||
| 260 | |b Pearson Prentice Hall | ||
| 260 | |c 2004 | ||
| 650 | |a Macroeconomics | ||
| 904 | |i Tuyến | ||
| 980 | |a Trung tâm Học liệu Trường Đại học Cần Thơ | ||